000 01033nas a2200337 4500
001 BR0202563
003 BR-BrBNA
005 20231205102953.0
007 ta
008 230509b bl.|||p| |||| 00| 00por d
040 _aBR-BrBNA
_bpor
_cBiblioteca Nacional de Agricultura
041 _a(Pt)
072 _aF08; F04
100 1 _aZaffaroni, E.A.
100 1 _aSilveira, V.R.
100 1 _aAmaral, A. dos S.
100 1 _aMendes, R. de A.
245 1 _aCaracterização tecnológica do sistema de produção de arroz (Oryza sativa L.)no município de Arroio Grande, RS
650 _aARROZ IRRIGADO
650 _aSISTEMA DE PRODUÇÃO
650 _aFERTILIZANTE
650 _aNITROGÊNIO
650 _aURÉIA
650 _aHERBICIDA
650 _aCOBERTURA DO SOLO
650 _aPESQUISA
650 _aRIO GRANDE DO SUL
773 0 _tRevista Brasileira de Agrociência (Brazil)
_xISSN 0104-8996
_g(May-Aug 1998), v. 4(2) p. 75-79
_wBR0202563
909 _a202311
_bLúcia
_c55
_dLúcia Elande
942 _2AGRIS
_n0
_cANA
999 _c170331
_d170331